[Event "Budapest FS02 IM"]
[Site "Budapest"]
[Date "2002.02.06"]
[Round "5"]
[White "Cooke, Eric"]
[Black "Bonnet, Edouard"]
[Result "1-0"]
[WhiteElo "2195"]
[BlackElo "2197"]
[PlyCount "83"]
[EventDate "2002.02.02"]
[EventType "tourn"]
[EventRounds "11"]
[EventCountry "HUN"]
[EventCategory "2"]
[SourceTitle "CBM 086 Extra"]
[Source "ChessBase"]
[SourceDate "2002.03.14"]
[SourceVersion "1"]
[SourceVersionDate "2002.03.14"]
[SourceQuality "1"]

1. e4 c5 2. Nf3 d6 3. d4 cxd4 4. Nxd4 Nf6 5. Nc3 a6 6. Bg5 e6 7. f4 Qb6 8. Qd2 Nc6 9. 0-0-0 Nxd4 10. Qxd4 Qxd4 11. Rxd4 Be7 12. Be2 Bd7 13. Rhd1 Bc6 14. Bf3 0-0-0 15. a3 Rd7 16. e5 dxe5 17. Rxd7 Bxd7 18. fxe5 Nd5 19. Bxe7 Nxe7 20. Bxb7+ Kc7 21. Bxa6 Ng6 22. Re1 Bc6 23. g3 Ra8 24. Bb5 Bxb5 25. Nxb5+ Kc6 26. c4 h5 27. Kc2 h4 28. b4 Rh8 29. g4 h3 30. Nd4+ Kc7 31. Nf3 Ra8 32. Kb3 Rd8 33. Kc2 Ra8 34. Ra1 Nf4 35. a4 Rd8 36. Ra3 f5 37. g5 Ng2 38. Rd3 Ra8 39. a5 f4 40. Rd6 Ne3+ 41. Kc3 Re8 42. b5 1-0

[Event "Budapest FS02 IM"]
[Site "Budapest"]
[Date "2002.02.03"]
[Round "2"]
[White "Bonnet, Edouard"]
[Black "Chevaldonnet, Francois"]
[Result "1/2-1/2"]
[WhiteElo "2197"]
[BlackElo "2254"]
[PlyCount "26"]
[EventDate "2002.02.02"]
[EventType "tourn"]
[EventRounds "11"]
[EventCountry "HUN"]
[EventCategory "2"]
[SourceTitle "CBM 086 Extra"]
[Source "ChessBase"]
[SourceDate "2002.03.14"]
[SourceVersion "1"]
[SourceVersionDate "2002.03.14"]
[SourceQuality "1"]

1. e4 c5 2. Nf3 e6 3. d4 cxd4 4. Nxd4 Nf6 5. Nc3 d6 6. Be3 Be7 7. f3 0-0 8. Qd2 Nc6 9. 0-0-0 Nxd4 10. Qxd4 a6 11. g4 b5 12. h4 Nd7 13. h5 h6 1/2-1/2

[Event "FRA-chT 0102 U18"]
[Site "France"]
[Date "2002.01.04"]
[Round "4.3"]
[White "Bonnet, Edouard"]
[Black "Poulet, Antoine"]
[Result "1-0"]
[WhiteElo "2197"]
[BlackElo "1630"]
[PlyCount "67"]
[EventDate "2001.10.??"]
[EventType "team"]
[EventRounds "11"]
[EventCountry "FRA"]
[SourceTitle "EXT 2003"]
[Source "ChessBase"]
[SourceDate "2002.11.25"]
[SourceVersion "1"]
[SourceVersionDate "2002.11.25"]
[SourceQuality "1"]
[WhiteTeam "Mulhouse"]
[BlackTeam "Livry Gargan"]
[WhiteTeamCountry "FRA"]
[BlackTeamCountry "FRA"]

1. e4 e5 2. Nf3 Nc6 3. Bb5 Nf6 4. 0-0 a6 5. Bxc6 dxc6 6. Nxe5 Bd6 7. Nc4 Be6 8. Nxd6+ cxd6 9. Nc3 0-0 10. d4 Qb6 11. b3 Rfe8 12. Bg5 Nd7 13. Qd3 Qa5 14. f4 f6 15. Bh4 d5 16. exd5 Bxd5 17. Nxd5 Qxd5 18. Rae1 f5 19. c4 Qf7 20. d5 cxd5 21. Qxd5 Qxd5 22. cxd5 Rac8 23. Rxe8+ Rxe8 24. Rc1 Re4 25. Rc7 Nb6 26. d6 Rd4 27. Be7 Kf7 28. Rxb7 Nc8 29. a4 Ke6 30. Bf8 Nxd6 31. Bxd6 Rxd6 32. Rxg7 Rd4 33. Rxh7 Rxf4 34. Rh6+ 1-0